The economics of contracts : a primer
Αποθηκεύτηκε σε:
| Κύριος συγγραφέας: | |
|---|---|
| Μορφή: | Βιβλίο |
| Γλώσσα: | English |
| Δημοσίευση: |
Cambridge, Mass. :
MIT Press,
c2005
|
| Έκδοση: | 2nd ed. |
| Θέματα: | |
| Ετικέτες: |
Προσθήκη ετικέτας
Δεν υπάρχουν, Καταχωρήστε ετικέτα πρώτοι!
|
MARC
| LEADER | 00000nam a2200000 i 4500 | ||
|---|---|---|---|
| 001 | 1/96989 | ||
| 008 | 081110s2005 eng d | ||
| 020 | |a 0-262-19525-9 | ||
| 035 | |l 10101547 | ||
| 040 | |a GR-MY-UA |b gre |e aacr | ||
| 041 | 0 | |a eng | |
| 082 | 0 | |a 346.02 |2 (22) | |
| 100 | 1 | |a Salanie, Bernard. | |
| 245 | 1 | 4 | |a The economics of contracts : |b a primer / |c Bernard Salanie |
| 250 | |a 2nd ed. | ||
| 260 | |a Cambridge, Mass. : |b MIT Press, |c c2005 | ||
| 300 | |a viii, 244 σ.; |b εικ.; |c 24 εκ. | ||
| 500 | |a Περιέχει βιβλιογραφικές παραπομπές και ευρετήριο | ||
| 650 | 0 | 0 | |a Contracts |x Economic aspects. |
| 852 | |a INST |b CHIOS |e 20081110 |h 346.02 SAL |p 005200030979 |q 005200030979 |t BK |y 0 | ||
| 901 | |a BIBL2-2008-3 | ||
| 909 | |a Χ |b 153732 | ||
| 922 | |a 2ΕΛΗ |b 200809 |c ΕΠΕΑΕΚ2/ΤΔΕ |d Ι. ΜΙΧΑΛΟΠΟΥΛΟΣ | ||
| 970 | |a ΒΑΡΦΗΣ |b ΒΑΓΓΕΛΗΣ |z 2008/11/10 | ||